Movies Quiz

Random Movies or Letter Quiz

'G' Movies by Picture Quiz Stats

Quiz Updated Dec 15, 2016

Challenge
Share
Tweet
Score 0/25 Timer 06:00
11 Plays Today
Grid Location Movie % Correct
Grease
95.9%
Gladiator
91.8%
Gremlins
83.8%
The Green Mile
79.8%
Good Will Hunting
72.3%
The Goonies
69.4%
Goldfinger
67.7%
Gandhi
67.4%
The Godfather Pt. II
66.3%
Gnomeo and Juliet
65.4%
Gone with the Wind
65.1%
G.I. Jane
61.6%
Goodfellas
60.9%
Grid Location Movie % Correct
The Good, the Bad, and the Ugly
60.3%
Gran Torino
60.2%
Ghostbusters
57.4%
The Graduate
56.9%
Gangs of New York
51%
G-Force
43.8%
The Great Escape
40.1%
Garden State
35.5%
Guarding Tess
21.9%
The Great Dictator
19.6%
Gattaca
18.6%
Glengarry Glen Ross
10.1%

You're not logged in!

Compare scores with friends on all Sporcle quizzes.
Sign Up with Email
OR
Log In

You Might Also Like...

Show Comments

Extras

Top Quizzes Today


Score Distribution

Your Account Isn't Verified!

In order to create a playlist on Sporcle, you need to verify the email address you used during registration. Go to your Sporcle Settings to finish the process.